00583cam a22002291 4500001001300000003000400013005001700017008004100034010001700075025001900092035002000111040002100131042001200152050001600164100003600180245006200216260001200278300001800290500001600308650001200324999001700336sa 63003844 DLC20260227111944.0940808s1962 ii 000 0 pano  asa 63003844  aPL480:I-Pu-125 a(OCoLC)30906295 aDLCcCUdCUdDLC apremarc00aSF201b.B341 aBarāṛa, Prītama Siṅgha.10aPashū unnatī te bīmārīāṃ dī roka thāma. c[1962?] a90 p.c19 cm. aIn Panjabi. 0aCattle. c55323d55323